Audit pohľadávok spoločnosti DREVOP, s.r.o. (podľa medzinárodných štandardov) diplomová práca

Enregistré dans:
Détails bibliographiques
Auteur principal: Burda, Peter
Collectivité auteur: Podnikovohospodárska fakulta EU so sídlom v Košiciach. Katedra účtovníctva a financií
Autres auteurs: Polončák, Milan
Format: Livre
Langue:slovaque
Publié: Košice 2009
Tags: Ajouter un tag
Pas de tags, Soyez le premier à ajouter un tag!

MARC

LEADER 00000nam$a2200000$$$4500
001 0098627
005 20240320074903.8
041 0 |a slo 
044 |a SK 
245 1 0 |a Audit pohľadávok spoločnosti DREVOP, s.r.o. (podľa medzinárodných štandardov)  |b diplomová práca  |c Peter Burda ; škol. Milan Polončák 
264 1 |a Košice  |c 2009 
300 |a 80 s. 
100 1 |a Burda, Peter 
700 1 |a Polončák, Milan 
710 2 |a Podnikovohospodárska fakulta EU so sídlom v Košiciach. Katedra účtovníctva a financií